ロード中...
Livestock and poultry enterprises for rural development
| 第一著者: | |
|---|---|
| その他の著者: | |
| フォーマット: | Printed Book |
| 言語: | Undetermined English |
| 出版事項: |
New Delhi
Vikas Publishing House Pvt .Ltd
1994
|
| 主題: |
| LEADER | 00668nam a2200205Ia 4500 | ||
|---|---|---|---|
| 008 | 140306s9999 xx 000 0 und d | ||
| 020 | |a 0 7069 8452 8 | ||
| 041 | |a eng | ||
| 082 | |a 636 .5 |b GOP/LI | ||
| 100 | |a Gopalakrishnan, C A | ||
| 245 | |a Livestock and poultry enterprises for rural development | ||
| 260 | |a New Delhi |b Vikas Publishing House Pvt .Ltd |c 1994 | ||
| 300 | |a 1096 | ||
| 365 | |b Rs .250 | ||
| 650 | |a buffalo production | ||
| 650 | |a Dairing | ||
| 700 | |a Morley, Mohan lal G | ||
| 942 | |2 ddc |c BK | ||
| 999 | |c 182711 |d 182711 | ||
| 952 | |0 0 |1 0 |2 ddc |4 0 |6 636_000000000000000__5_GOP_LI |7 0 |9 188441 |a KAUCBV |b KAUCBV |g 250.00 |o 636 .5 GOP/LI |r 2014-03-22 |w 2014-03-22 |y BK | ||